00315nam a2200121Ia 4500008004900000041000800049082001200057100001400069245004700083260003800130300001800168440000700186240112s1973 JAN-MAR xx 000 0 und d aeng a617.703 aNEWELL F. aAMERICAN JOURNAL OF OPHTHALMOLOGY SERIES-3 bOPHTHALMICPUB. COM.c1973 JAN-MAR a549,HBc(1-3) v75